00449 2200181 4500001002100000005001500021008004100036020002200077035001900099041000600118082001000124090001800134100001800152245002500170260002300195300003400218650001500252INLIS00000000000412920241224112843241224||||||||| | ||| |||| ||  a978-0-07-149849-4 0010-1224004129 a00 a4.678 a004.678 PLO n0 aDavid Plotkin00aNetObjects Fusion 11 bMc Graw Hillc2009 axviii, 414 hlm.: ilus.; 22 cm 0aKarya Umum